[Event "XXV Festival Conca della Presolana A"]
[Site "Bratto - Castione della Presolana ITA"]
[Date "2005.08.22"]
[Round "3"]
[White "Sedina, Elena"]
[Black "Sbarra, Marco"]
[Result "1/2-1/2"]
[WhiteElo "2402"]
[BlackElo "2266"]
[PlyCount "95"]
[EventDate "2005.08.20"]

1. e4 e5 2. Nf3 Nc6 3. Nc3 Nf6 4. g3 d5 5. exd5 Nxd5 6. Bg2 Be6 7. O-O Be7 8.
Re1 Bf6 9. Ne4 O-O 10. d3 Re8 11. a3 Bg4 12. h3 Bf5 13. Nxf6+ Qxf6 14. Bg5 Qd6
15. Nd2 h6 16. Ne4 Qg6 17. Bd2 Rad8 18. Kh2 Bc8 19. Nc3 Be6 20. Nxd5 Bxd5 21.
Bc3 Bxg2 22. Kxg2 Nd4 23. Bxd4 exd4 24. Qf3 Qb6 25. b4 a5 26. bxa5 Qxa5 27.
Rxe8+ Rxe8 28. Rb1 b6 29. Qc6 Qa8 30. Qxa8 Rxa8 31. Rb3 f5 32. g4 Kf7 33. Kf3
Ke6 34. c3 dxc3 35. Rxc3 c5 36. Rb3 Ra6 37. Ke3 g5 38. gxf5+ Kxf5 39. d4 Ke6
40. Ke4 c4 41. Rc3 b5 42. Rf3 Ra8 43. d5+ Kd6 44. Kd4 Rc8 45. Rf6+ Kd7 46. Rf7+
Kd6 47. Rf6+ Kd7 48. Rf7+ 1/2-1/2

[Event "XXV Festival Conca della Presolana A"]
[Site "Bratto - Castione della Presolana ITA"]
[Date "2005.08.22"]
[Round "3"]
[White "Shytaj, Carlo"]
[Black "Ricci, Alfredo"]
[Result "1/2-1/2"]
[WhiteElo "2212"]
[BlackElo "2015"]
[PlyCount "75"]
[EventDate "2005.08.20"]

1. e4 c5 2. b3 d6 3. Bb2 Nf6 4. Nc3 Nc6 5. Nge2 g6 6. g3 Bg7 7. Bg2 O-O 8. O-O
e5 9. f4 Nd4 10. Nxd4 cxd4 11. Nd5 Nxd5 12. exd5 f5 13. d3 Bd7 14. Qd2 Qb6 15.
Kh1 Rfe8 16. Rfe1 Rac8 17. Rac1 exf4 18. Rxe8+ Bxe8 19. gxf4 Bf7 20. c4 dxc3
21. Bxc3 Bd4 22. Bxd4 Rxc1+ 23. Qxc1 Qxd4 24. h3 Bxd5 25. Qd2 Be4 26. Qe2 Bxg2+
27. Kxg2 Kf7 28. Kg3 Kf6 29. Kf3 h6 30. h4 Qg1 31. Qb2+ Kf7 32. Qh8 Qg4+ 33.
Ke3 Qg3+ 34. Ke2 Qxf4 35. Qh7+ Kf6 36. Qh8+ Ke6 37. Qc8+ Ke5 38. Qe8+ 1/2-1/2

[Event "XXV Festival Conca della Presolana A"]
[Site "Bratto - Castione della Presolana ITA"]
[Date "2005.08.22"]
[Round "3"]
[White "Shytaj, Luca"]
[Black "Palac, Mladen"]
[Result "1/2-1/2"]
[WhiteElo "2395"]
[BlackElo "2566"]
[PlyCount "29"]
[EventDate "2005.08.20"]

1. e4 c5 2. Nf3 d6 3. d4 cxd4 4. Nxd4 Nf6 5. Nc3 a6 6. Bg5 e6 7. f4 Be7 8. Qf3
Qc7 9. O-O-O Bd7 10. Qg3 h6 11. Bh4 Nc6 12. Qxg7 Rg8 13. Qxh6 Rg6 14. Qh8+ Rg8
15. Qh6 1/2-1/2

[Event "XXV Festival Conca della Presolana A"]
[Site "Bratto - Castione della Presolana ITA"]
[Date "2005.08.22"]
[Round "3"]
[White "Simonini, Roberto"]
[Black "Dvirnyy, Danyyil"]
[Result "1/2-1/2"]
[WhiteElo "2065"]
[BlackElo "2141"]
[PlyCount "22"]
[EventDate "2005.08.20"]

1. e4 c5 2. Nc3 Nc6 3. g3 g6 4. Bg2 Bg7 5. d3 d6 6. Be3 e5 7. Qd2 Nge7 8. f4
Nd4 9. Nf3 Bg4 10. O-O Qd7 11. Rf2 Bxf3 1/2-1/2

[Event "XXV Festival Conca della Presolana A"]
[Site "Bratto - Castione della Presolana ITA"]
[Date "2005.08.22"]
[Round "3"]
[White "Tatai, Stefano"]
[Black "Giretti Kanev, Jasen"]
[Result "1-0"]
[WhiteElo "2370"]
[BlackElo "2183"]
[PlyCount "91"]
[EventDate "2005.08.20"]

1. d4 Nf6 2. c4 e6 3. Nf3 Bb4+ 4. Bd2 a5 5. g3 d5 6. a3 Bxd2+ 7. Nbxd2 Nc6 8.
Rc1 O-O 9. Bg2 Ne4 10. O-O f6 11. e3 Nd6 12. Qc2 dxc4 13. Nxc4 Ne7 14. Rfd1 Ra6
15. Ne1 b6 16. Ne5 Ra7 17. Nc6 Nxc6 18. Bxc6 Bb7 19. Nd3 Bxc6 20. Qxc6 Qe8 21.
Nf4 g5 22. Qxe8 Rxe8 23. Nd3 Kf7 24. g4 Ke7 25. f3 h5 26. h3 h4 27. Rc2 Rd8 28.
Kf1 Rd7 29. Ke2 Nf7 30. Nf2 Nd8 31. Ne4 Nf7 32. Nc3 Kd8 33. d5 e5 34. Ne4 Ke7
35. Rc6 Nd6 36. Rdc1 Rb7 37. Kd3 Ne8 38. Re6+ Kf7 39. Rxe8 Rxd5+ 40. Kc2 Rd7
41. Rh8 Rd5 42. Rh6 Rb8 43. Rxf6+ Kg7 44. Rd1 Rbd8 45. Rxd5 Rxd5 46. Rc6 1-0

[Event "XXV Festival Conca della Presolana A"]
[Site "Bratto - Castione della Presolana ITA"]
[Date "2005.08.22"]
[Round "3"]
[White "Temi, Walter"]
[Black "Costantini, Roberto"]
[Result "0-1"]
[WhiteElo "2092"]
[BlackElo "2291"]
[PlyCount "79"]
[EventDate "2005.08.20"]

1. e4 c5 2. Nf3 d6 3. c3 Nf6 4. Be2 Bg4 5. O-O e6 6. d3 Nc6 7. Nbd2 Be7 8. Re1
O-O 9. Qc2 Rc8 10. Nf1 d5 11. h3 Bh5 12. g4 Bg6 13. Nh4 b5 14. Ng3 b4 15. Bf1
Nd7 16. Nxg6 hxg6 17. Bg2 Nb6 18. Bd2 Qd7 19. Re2 Rfd8 20. e5 Rb8 21. Rae1 Qb7
22. Kh2 Qa6 23. Ra1 bxc3 24. bxc3 Na4 25. Bc1 Qa5 26. Bd2 Qa6 27. Bf1 Rb2 28.
Qd1 Rdb8 29. Be1 Rxe2 30. Bxe2 Nxe5 31. d4 Nc4 32. Rb1 Nab6 33. dxc5 Bxc5 34.
Bxc4 Qxc4 35. a4 Qf4 36. a5 Bxf2 37. Bxf2 Qxf2+ 38. Kh1 Qxg3 39. axb6 Qxh3+ 40.
Kg1 0-1

[Event "XXV Festival Conca della Presolana A"]
[Site "Bratto - Castione della Presolana ITA"]
[Date "2005.08.22"]
[Round "3"]
[White "Vaccari, Sergio"]
[Black "Ricci, Marco"]
[Result "0-1"]
[WhiteElo "2063"]
[BlackElo "2147"]
[PlyCount "66"]
[EventDate "2005.08.20"]

1. e4 e6 2. Qe2 c5 3. f4 Nc6 4. Nf3 Nd4 5. Nxd4 cxd4 6. g3 Ne7 7. Bg2 Nc6 8.
O-O Bc5 9. d3 O-O 10. Nd2 d6 11. Nb3 Bb6 12. Kh1 a5 13. a4 Bd7 14. Nd2 Nb4 15.
Nc4 Bc5 16. c3 Nc6 17. f5 exf5 18. exf5 Re8 19. Qh5 g6 20. fxg6 fxg6 21. Qh6
Be6 22. Bg5 Qd7 23. Bf6 d5 24. Ne5 Nxe5 25. Bxe5 dxc3 26. bxc3 Bf8 27. Qf4 Bg7
28. Rae1 Rf8 29. Qd4 Rxf1+ 30. Rxf1 Bxe5 31. Qxe5 Re8 32. Re1 Bf7 33. Qxe8+
Bxe8 0-1

[Event "XXV Festival Conca della Presolana A"]
[Site "Bratto - Castione della Presolana ITA"]
[Date "2005.08.22"]
[Round "3"]
[White "Virzi, Ettore"]
[Black "Cazzaniga, Walter"]
[Result "1/2-1/2"]
[WhiteElo "2008"]
[BlackElo "2123"]
[PlyCount "38"]
[EventDate "2005.08.20"]

1. e4 e6 2. d4 d5 3. Nc3 Bb4 4. e5 c5 5. a3 Bxc3+ 6. bxc3 Ne7 7. h4 Nbc6 8. h5
h6 9. Nf3 Qa5 10. Bd2 Bd7 11. Rh4 O-O-O 12. c4 Qc7 13. cxd5 exd5 14. c3 Be6 15.
Bd3 c4 16. Bc2 Rdf8 17. Bf4 Qd7 18. Qb1 Nf5 19. Rh1 Nfe7 1/2-1/2

[Event "XXV Festival Conca della Presolana A"]
[Site "Bratto - Castione della Presolana ITA"]
[Date "2005.08.22"]
[Round "3"]
[White "Vocaturo, Daniele"]
[Black "Zanellato, Lorenzo"]
[Result "1-0"]
[WhiteElo "2372"]
[BlackElo "2087"]
[PlyCount "55"]
[EventDate "2005.08.20"]

1. e4 c6 2. c4 d5 3. exd5 cxd5 4. cxd5 Nf6 5. Nc3 Nxd5 6. Nf3 Nxc3 7. bxc3 g6
8. Bb5+ Bd7 9. a4 Bg7 10. d4 O-O 11. O-O Nc6 12. Re1 a6 13. Bd3 Bg4 14. h3 Bxf3
15. Qxf3 e5 16. Ba3 Re8 17. d5 Na5 18. d6 Rc8 19. Qd5 Re6 20. Rab1 Bf8 21. d7
Rxc3 22. Bxf8 Kxf8 23. Bxa6 Rc7 24. Qxa5 bxa6 25. Red1 Ke7 26. Rb8 Qxb8 27.
Qb4+ Qxb4 28. d8=Q# 1-0

[Event "XXV Festival Conca della Presolana A"]
[Site "Bratto - Castione della Presolana ITA"]
[Date "2005.08.22"]
[Round "3"]
[White "Zoldan, Matteo"]
[Black "Lucaroni, Massimiliano"]
[Result "1/2-1/2"]
[WhiteElo "2114"]
[BlackElo "2318"]
[PlyCount "37"]
[EventDate "2005.08.20"]

1. e4 e5 2. Nc3 Nf6 3. Bc4 Nc6 4. d3 Na5 5. Qf3 d6 6. Nge2 c6 7. O-O h6 8. Ng3
b5 9. Bb3 g6 10. Qe2 Bg7 11. h3 O-O 12. f4 exf4 13. Bxf4 Re8 14. Qf2 b4 15.
Nce2 d5 16. exd5 Nxb3 17. axb3 Qxd5 18. Be3 c5 19. Bxc5 1/2-1/2

[Event "XXV Festival Conca della Presolana A"]
[Site "Bratto - Castione della Presolana ITA"]
[Date "2005.08.23"]
[Round "4"]
[White "Alberton, Roberto"]
[Black "Agnelli, Francesco"]
[Result "1-0"]
[WhiteElo "2108"]
[BlackElo "2055"]
[PlyCount "77"]
[EventDate "2005.08.20"]

1. Nf3 Nf6 2. d4 g6 3. Nbd2 Bg7 4. e4 d6 5. Bd3 O-O 6. O-O Nbd7 7. Qe2 e5 8.
dxe5 dxe5 9. Nb3 Qe7 10. Bd2 Nh5 11. g3 Ndf6 12. Nh4 Ng4 13. Ng2 Ngf6 14. Be3
b6 15. f3 Bh3 16. Ba6 Rab8 17. a4 Rfd8 18. a5 Bf8 19. Ra2 Qb4 20. Bc4 Ng7 21.
axb6 axb6 22. Ra7 Qd6 23. Rfa1 Ne6 24. c3 h6 25. Ne1 Ng5 26. Bxg5 hxg5 27. g4
Kg7 28. Nd3 Be7 29. Nf2 Rh8 30. Rd1 Qc6 31. Bb5 Qe6 32. Rxc7 Qxb3 33. Bc4 Qa4
34. Rxe7 Rbf8 35. b4 Qa3 36. Qc2 Rh4 37. Qb3 Qa8 38. Bxf7 Kh6 39. Qe6 1-0

[Event "XXV Festival Conca della Presolana A"]
[Site "Bratto - Castione della Presolana ITA"]
[Date "2005.08.23"]
[Round "4"]
[White "Atalik, Suat"]
[Black "Iordachescu, Viorel"]
[Result "1-0"]
[WhiteElo "2561"]
[BlackElo "2606"]
[PlyCount "93"]
[EventDate "2005.08.20"]

1. d4 Nf6 2. c4 e6 3. Nc3 Bb4 4. Qc2 Nc6 5. e3 O-O 6. Bd2 Re8 7. Nf3 Bf8 8. Ne4
Nxe4 9. Qxe4 a5 10. Ne5 d5 11. Nxc6 bxc6 12. Qc2 e5 13. dxe5 Rxe5 14. Bd3 h6
15. Bc3 Bb4 16. O-O Re8 17. Rfd1 Bg4 18. Rd2 Qg5 19. cxd5 cxd5 20. Bxb4 axb4
21. Qxc7 d4 22. Qf4 dxe3 23. fxe3 b3 24. Qxg5 hxg5 25. a4 Rxe3 26. a5 Kf8 27.
a6 Re5 28. Ra3 Be6 29. a7 Bd5 30. Ra5 f6 31. Re2 Rxe2 32. Bxe2 Bb7 33. Kf2 Ke7
34. Bf3 Bxf3 35. Kxf3 Kd6 36. Ke4 Kc6 37. Kf5 Kb6 38. Ra3 Rxa7 39. Rxa7 Kxa7
40. Kg6 Kb6 41. Kxg7 Kc5 42. Kxf6 Kd4 43. Kxg5 Kd3 44. h4 Kc2 45. h5 Kxb2 46.
h6 Kc1 47. h7 1-0

[Event "XXV Festival Conca della Presolana A"]
[Site "Bratto - Castione della Presolana ITA"]
[Date "2005.08.23"]
[Round "4"]
[White "Bertagia, Roldano"]
[Black "Bartolozzi, Roberto"]
[Result "1/2-1/2"]
[WhiteElo "2002"]
[BlackElo "2126"]
[PlyCount "57"]
[EventDate "2005.08.20"]

1. e4 e6 2. d4 d5 3. exd5 exd5 4. Bd3 Nc6 5. Nf3 Bd6 6. O-O Nge7 7. Re1 Bg4 8.
c3 Qd7 9. Nbd2 f6 10. Qc2 O-O-O 11. b4 Bf5 12. Nb3 Bxd3 13. Qxd3 Ng6 14. b5
Nce7 15. a4 Qf5 16. Qe2 Rhe8 17. a5 Nc6 18. Be3 Nb8 19. b6 cxb6 20. axb6 a6 21.
c4 Nf4 22. Qa2 Nc6 23. Na5 Nxa5 24. Qxa5 Qg4 25. Bxf4 Rxe1+ 26. Rxe1 Bxf4 27.
cxd5 Qd7 28. Qc5+ Kb8 29. Re7 1/2-1/2

[Event "XXV Festival Conca della Presolana A"]
[Site "Bratto - Castione della Presolana ITA"]
[Date "2005.08.23"]
[Round "4"]
[White "Brancaleoni, Maurizio"]
[Black "Shytaj, Luca"]
[Result "0-1"]
[WhiteElo "2314"]
[BlackElo "2395"]
[PlyCount "80"]
[EventDate "2005.08.20"]

1. c4 Nf6 2. Nc3 c5 3. g3 e6 4. Nf3 b6 5. Bg2 Bb7 6. O-O Be7 7. b3 O-O 8. Bb2
d6 9. e3 Nbd7 10. Qe2 a6 11. Rfd1 Qb8 12. d4 Ne4 13. d5 Nxc3 14. Bxc3 exd5 15.
cxd5 Bf6 16. Bxf6 Nxf6 17. Nh4 Re8 18. Qc2 b5 19. e4 Bc8 20. f3 Qa7 21. g4 g5
22. Nf5 Bxf5 23. exf5 Qe7 24. a4 Qe3+ 25. Kh1 Rac8 26. axb5 axb5 27. h3 Re5 28.
Re1 Qd4 29. Red1 Qf4 30. Re1 Nxd5 31. Re4 Rxe4 32. fxe4 Qe5 33. Ra7 Nf4 34. Qa2
c4 35. bxc4 Rxc4 36. Qd2 Kg7 37. Rd7 Ra4 38. f6+ Kg6 39. Kg1 Nxh3+ 40. Kf1
Qxf6+ 0-1

[Event "XXV Festival Conca della Presolana A"]
[Site "Bratto - Castione della Presolana ITA"]
[Date "2005.08.23"]
[Round "4"]
[White "Brigati, Alessandro"]
[Black "Pieri, Enzo"]
[Result "1/2-1/2"]
[WhiteElo "2034"]
[BlackElo "1959"]
[PlyCount "69"]
[EventDate "2005.08.20"]

1. Nf3 Nf6 2. d4 d5 3. Bf4 g6 4. e3 Bg7 5. h3 O-O 6. Bd3 Nc6 7. c3 b6 8. Nbd2
a5 9. Qe2 Nb8 10. O-O c5 11. Rad1 Bb7 12. Ne5 Nbd7 13. Bh2 c4 14. Bc2 Nxe5 15.
Bxe5 b5 16. g4 Qd7 17. f3 h6 18. f4 Nh7 19. Bxg7 Kxg7 20. f5 g5 21. Nf3 Nf6 22.
Ne5 Qd6 23. Qf2 Rh8 24. Kg2 Rag8 25. Rh1 Kf8 26. Rde1 h5 27. Kf3 Ne4 28. Bxe4
dxe4+ 29. Ke2 h4 30. Kf1 Rh6 31. Kg2 Rf6 32. Rb1 Bd5 33. Rhc1 Kg7 34. b4 a4 35.
a3 1/2-1/2

[Event "XXV Festival Conca della Presolana A"]
[Site "Bratto - Castione della Presolana ITA"]
[Date "2005.08.23"]
[Round "4"]
[White "Buono, Michele"]
[Black "Castelfranchi, Carlo"]
[Result "1-0"]
[WhiteElo "2133"]
[BlackElo "2073"]
[PlyCount "125"]
[EventDate "2005.08.20"]

1. e4 Nf6 2. Nc3 d5 3. e5 Ne4 4. Nce2 f6 5. Nf3 Bg4 6. d3 Bxf3 7. gxf3 Ng5 8.
Bxg5 fxg5 9. Bh3 d4 10. Qd2 Qd5 11. Qxg5 Nc6 12. Rg1 Nxe5 13. O-O-O h6 14. Qf5
e6 15. Qxe6+ Qxe6 16. Bxe6 Nxf3 17. Rg3 Ng5 18. Bg4 Bd6 19. f4 Nf7 20. Bf3 O-O
21. Bxb7 Rae8 22. Be4 Nd8 23. Rdg1 Re7 24. Rg4 Kh8 25. Nxd4 Bxf4+ 26. Kd1 Be3
27. Nf5 Rxe4 28. dxe4 Bxg1 29. Rxg1 Ne6 30. Kd2 Ng5 31. Ke3 Re8 32. Ng3 Rb8 33.
b3 a5 34. Rd1 Rf8 35. Rf1 Rb8 36. Rd1 Rf8 37. Rf1 Rxf1 38. Nxf1 Kg8 39. Nd2 Nf7
40. Nc4 g5 41. Nxa5 Ne5 42. h3 Kf7 43. Nc4 Nc6 44. a4 h5 45. a5 Ke6 46. c3 Na7
47. b4 Nb5 48. Kd3 g4 49. hxg4 hxg4 50. Ne3 g3 51. c4 Na7 52. Kd4 Nc6+ 53. Kc5
Kd7 54. a6 Na7 55. b5 Nc8 56. e5 Nb6 57. a7 Na4+ 58. Kd4 Nb6 59. c5 Na8 60. Kd5
c6+ 61. bxc6+ Kc7 62. e6 Kc8 63. e7 1-0

[Event "XXV Festival Conca della Presolana A"]
[Site "Bratto - Castione della Presolana ITA"]
[Date "2005.08.23"]
[Round "4"]
[White "Campini, Marco"]
[Black "Simonini, Roberto"]
[Result "0-1"]
[WhiteElo "2130"]
[BlackElo "2065"]
[PlyCount "114"]
[EventDate "2005.08.20"]

1. e4 e5 2. Nf3 Nf6 3. Nc3 Bb4 4. Be2 Nc6 5. d3 d5 6. exd5 Nxd5 7. Bd2 f6 8.
O-O Nxc3 9. bxc3 Bd6 10. d4 e4 11. Ne1 O-O 12. f4 f5 13. Be3 Ne7 14. Bc4+ Kh8
15. Bb3 a5 16. a4 Ng8 17. Qd2 Nf6 18. c4 c6 19. g3 Ng4 20. Ng2 c5 21. c3 Nxe3
22. Nxe3 b6 23. Rab1 Be6 24. Rfd1 Qc7 25. Rb2 Rf6 26. Qe2 Rg6 27. Kh1 Rh6 28.
Rf1 Rg8 29. Ng2 g5 30. Qe3 Rh3 31. fxg5 Qe7 32. Nf4 Qxg5 33. Rg2 Bd7 34. Kg1
Qh6 35. Bc2 Rg4 36. Nd5 f4 37. Nxf4 Bxf4 38. Rxf4 Rxf4 39. Qxf4 Qxf4 40. gxf4
Rxc3 41. dxc5 bxc5 42. Bxe4 Rxc4 43. Bd5 Rc1+ 44. Kf2 Rc2+ 45. Ke3 Rxg2 46.
Bxg2 Bxa4 47. Bf1 Bb3 48. Kd3 Kg7 49. Kc3 a4 50. Bd3 c4 51. Bxc4 Bxc4 52. Kxc4
Kf6 53. Kb4 Kf5 54. Kxa4 Kxf4 55. Kb4 Kg4 56. Kc4 Kh3 57. Kd3 Kxh2 0-1

[Event "XXV Festival Conca della Presolana A"]
[Site "Bratto - Castione della Presolana ITA"]
[Date "2005.08.23"]
[Round "4"]
[White "Cardini, Saverio"]
[Black "Vaccari, Sergio"]
[Result "1-0"]
[WhiteElo "2010"]
[BlackElo "2063"]
[PlyCount "101"]
[EventDate "2005.08.20"]

1. d4 Nf6 2. Nf3 e6 3. Bf4 b6 4. e3 Bb7 5. Bd3 Be7 6. Nbd2 d5 7. c3 Nbd7 8. h3
O-O 9. Qb1 h6 10. O-O Nh5 11. Bh2 g5 12. Ne5 f5 13. Ng6 Rf7 14. Nxe7+ Rxe7 15.
g4 fxg4 16. hxg4 Nhf6 17. Be2 Kg7 18. Nf3 Ne4 19. Be5+ Kg8 20. Bh2 c5 21. Ne5
Rg7 22. Qc2 Rc8 23. Nxd7 Rxd7 24. f3 Nf6 25. Qg6+ Rg7 26. Qxh6 Kf7 27. Bd3 Qh8
28. Qxh8 Rxh8 29. Be5 Rh6 30. Kg2 Rg8 31. Rh1 Rgh8 32. Rxh6 Rxh6 33. Rh1 Rxh1
34. Kxh1 Nd7 35. Bc7 Bc6 36. Kg2 cxd4 37. cxd4 Kg7 38. Kg3 Kf7 39. Bd8 Nf6 40.
Bc7 Nd7 41. f4 gxf4+ 42. Kxf4 Nf6 43. Bb8 a5 44. Bc7 Nd7 45. g5 a4 46. Be2 b5
47. Bh5+ Ke7 48. Ba5 Kd6 49. Bb4+ Kc7 50. Be7 Nb6 51. g6 1-0

[Event "XXV Festival Conca della Presolana A"]
[Site "Bratto - Castione della Presolana ITA"]
[Date "2005.08.23"]
[Round "4"]
[White "Caruso, Augusto"]
[Black "Sedina, Elena"]
[Result "1/2-1/2"]
[WhiteElo "2259"]
[BlackElo "2402"]
[PlyCount "114"]
[EventDate "2005.08.20"]

1. e4 e6 2. d4 d5 3. Nc3 Bb4 4. e5 c5 5. Qg4 Ne7 6. dxc5 Nbc6 7. Bd2 O-O 8. Bd3
Ng6 9. Nf3 f5 10. exf6 Qxf6 11. Bxg6 Qxg6 12. Qxg6 hxg6 13. Na4 Bxd2+ 14. Kxd2
e5 15. Rhf1 Bg4 16. Ng1 Rf4 17. b3 Raf8 18. f3 e4 19. Nc3 exf3 20. Nxf3 Bxf3
21. Rxf3 Rxf3 22. gxf3 Rxf3 23. Nxd5 Rf2+ 24. Kc3 Rxh2 25. b4 Rh3+ 26. Kb2 Rh5
27. Rd1 Re5 28. b5 Ne7 29. c4 Kf7 30. Kc3 g5 31. Kd4 Re2 32. Rf1+ Ke6 33. Nc3
Rb2 34. Ke3 Rc2 35. Kd3 Rb2 36. Ne4 Kd7 37. Rf7 Rxa2 38. Nd6 Ke6 39. Rxg7 b6
40. Rxg5 bxc5 41. Ne4 Ra3+ 42. Kd2 Nf5 43. Nxc5+ Ke5 44. Nd3+ Kf6 45. Rg8 Nd6
46. Rg4 Kf5 47. Rh4 Ne4+ 48. Ke3 Nc3 49. Rh8 Ke6 50. Ra8 Kd7 51. Rh8 Kc7 52.
Rh7+ Kb6 53. Rh6+ Kc7 54. Rc6+ Kb8 55. Re6 Nxb5 56. cxb5 Ra5 57. Nc5 57... Kc7
{...} 1/2-1/2

[Event "XXV Festival Conca della Presolana A"]
[Site "Bratto - Castione della Presolana ITA"]
[Date "2005.08.23"]
[Round "4"]
[White "Castaldo, Folco"]
[Black "Maiorov, Nikita"]
[Result "1/2-1/2"]
[WhiteElo "2352"]
[BlackElo "2453"]
[PlyCount "117"]
[EventDate "2005.08.20"]

1. e4 e5 2. Nf3 Nc6 3. Bc4 Bc5 4. c3 Nf6 5. d3 a6 6. Nbd2 O-O 7. Nf1 d5 8. exd5
Nxd5 9. Ng3 f6 10. O-O Be6 11. Re1 Bf7 12. Bb3 Qd7 13. Bc2 Rfe8 14. Nh4 Bf8 15.
Nhf5 Kh8 16. Qf3 Be6 17. h4 g6 18. Ne3 f5 19. Nxd5 Bxd5 20. Qe2 Be7 21. h5 Rg8
22. h6 Bf6 23. b4 Rae8 24. Bb2 Bg5 25. a4 b5 26. Bc1 Qd8 27. axb5 Bxc1 28.
Raxc1 axb5 29. Rcd1 Rgf8 30. Qf1 f4 31. Ne4 Rf5 32. f3 Qh4 33. d4 Rh5 34. Qxb5
Qh2+ 35. Kf2 Qh4+ 36. Kg1 exd4 37. Nf2 Re3 38. Qc5 Qd8 39. Rxe3 fxe3 40. Rxd4
exf2+ 41. Kxf2 Qd6 42. Qxd6 cxd6 43. Rf4 Rxh6 44. Rf6 Kg7 45. Rxd6 Ne7 46. Bd3
Rh4 47. b5 Ra4 48. b6 Kf7 49. Bb5 Ra2+ 50. Kg1 Ra8 51. c4 Be6 52. b7 Rb8 53.
Ba6 Nf5 54. Rc6 Ne7 55. Rd6 Nf5 56. Rc6 Ne7 57. Rd6 Nf5 58. Rc6 Ne7 59. Rd6
1/2-1/2

[Event "XXV Festival Conca della Presolana A"]
[Site "Bratto - Castione della Presolana ITA"]
[Date "2005.08.23"]
[Round "4"]
[White "Cazzaniga, Walter"]
[Black "Paolinelli, Giacomo"]
[Result "1/2-1/2"]
[WhiteElo "2123"]
[BlackElo "2042"]
[PlyCount "76"]
[EventDate "2005.08.20"]

1. d4 f5 2. g3 Nf6 3. Bg2 e6 4. Nf3 d5 5. c4 c6 6. Nc3 Bd6 7. O-O O-O 8. Bf4
Bxf4 9. gxf4 Nbd7 10. e3 Ne4 11. Qc2 Ndf6 12. Ne5 Bd7 13. f3 Nxc3 14. Qxc3 Be8
15. c5 Nd7 16. Nd3 Bh5 17. Kh1 Kh8 18. Rae1 Qh4 19. Qd2 Rg8 20. Qf2 Qf6 21. e4
Rae8 22. e5 Qe7 23. b4 g5 24. fxg5 Qxg5 25. f4 Qe7 26. Rg1 Rg6 27. Bf3 Bxf3+
28. Qxf3 Reg8 29. Qf2 Qf7 30. Rxg6 Qxg6 31. Rg1 Qh5 32. Rxg8+ Kxg8 33. Qd2 Kf7
34. a4 Qf3+ 35. Kg1 Qg4+ 36. Kf2 Qh4+ 37. Kg2 Qg4+ 38. Kf2 Qh4+ 1/2-1/2

[Event "XXV Festival Conca della Presolana A"]
[Site "Bratto - Castione della Presolana ITA"]
[Date "2005.08.23"]
[Round "4"]
[White "Cedriano, Filippo"]
[Black "Pechy, Alaster"]
[Result "1/2-1/2"]
[WhiteElo "2005"]
[BlackElo "2168"]
[PlyCount "26"]
[EventDate "2005.08.20"]

1. Nf3 Nf6 2. c4 g6 3. Nc3 d5 4. cxd5 Nxd5 5. e4 Nxc3 6. dxc3 Qxd1+ 7. Kxd1 Bg4
8. Kc2 Nd7 9. Bc4 Bxf3 10. gxf3 e5 11. Be3 Bc5 12. Bh6 Bf8 13. Be3 Bc5 1/2-1/2

[Event "XXV Festival Conca della Presolana A"]
[Site "Bratto - Castione della Presolana ITA"]
[Date "2005.08.23"]
[Round "4"]
[White "Cereda, Loris"]
[Black "Forato, Enrico"]
[Result "1/2-1/2"]
[WhiteElo "2059"]
[BlackElo "1974"]
[PlyCount "67"]
[EventDate "2005.08.20"]

1. e4 c5 2. Nc3 Nc6 3. f4 g6 4. Bb5 Bg7 5. Bxc6 bxc6 6. Nf3 Nf6 7. d3 Rb8 8. e5
Nd5 9. Ne4 d6 10. O-O O-O 11. c4 Nc7 12. Rb1 f5 13. Nc3 Ne6 14. Be3 Qc7 15.
exd6 exd6 16. Na4 Re8 17. Qd2 Rb7 18. Rfe1 Qb8 19. b3 Rbe7 20. Bf2 Bf6 21. Re2
a6 22. Rbe1 Qb4 23. g3 Qxd2 24. Rxd2 Nd4 25. Nxd4 Rxe1+ 26. Bxe1 cxd4 27. Kf1
c5 28. Re2 Rxe2 29. Kxe2 Bd8 30. b4 Bd7 31. Nb2 Kf7 32. a4 cxb4 33. Bxb4 Ke6
34. Kd2 1/2-1/2

[Event "XXV Festival Conca della Presolana A"]
[Site "Bratto - Castione della Presolana ITA"]
[Date "2005.08.23"]
[Round "4"]
[White "Costantini, Roberto"]
[Black "Hunt, Adam C."]
[Result "0-1"]
[WhiteElo "2291"]
[BlackElo "2427"]
[PlyCount "194"]
[EventDate "2005.08.20"]

1. e4 c5 2. c3 Nf6 3. e5 Nd5 4. Nf3 e6 5. Bc4 Nb6 6. Bb3 c4 7. Bc2 d6 8. exd6
Bxd6 9. d4 cxd3 10. Qxd3 Nc6 11. O-O Be7 12. Qe4 Nd5 13. Rd1 Qc7 14. Qg4 Bf6
15. Ng5 Bd7 16. Na3 Ne5 17. Qg3 Bc6 18. c4 Nb4 19. Bf4 Qa5 20. Nxh7 Nxc2 21.
Nxf6+ gxf6 22. Nxc2 Nxc4 23. b3 Ne5 24. Qg7 Ng6 25. Qxf6 Rh5 26. Bg3 Kf8 27.
Ne3 Kg8 28. Ng4 Qg5 29. h3 Rf8 30. Bd6 Rc8 31. Bg3 Kf8 32. Qd4 e5 33. Qd6+ Kg7
34. Re1 Re8 35. Rad1 Re6 36. Qd8 Qxd8 37. Rxd8 f5 38. Bxe5+ Kf7 39. Bc3 Rxe1+
40. Bxe1 fxg4 41. hxg4 Rc5 42. Bb4 Rc1+ 43. Kh2 Ne5 44. Rd4 Rc2 45. Rd2 Nxg4+
46. Kg3 Rxd2 47. Bxd2 Nf6 48. f3 Ke6 49. Kf2 Nd5 50. g4 Ke5 51. Kg3 b5 52. Bh6
Kf6 53. Bc1 Ke6 54. Bb2 Nb4 55. a3 Nd3 56. Bg7 a5 57. f4 Kf7 58. Ba1 Bd5 59. b4
axb4 60. axb4 Nxb4 61. f5 Nd3 62. g5 b4 63. g6+ Kf8 64. Kg4 b3 65. f6 b2 66.
Bxb2 Nxb2 67. Kg5 Nd3 68. Kf5 Ba2 69. Kg5 Ne5 70. Kf5 Nd7 71. Kg5 Bb1 72. Kf4
Bxg6 73. f7 Kxf7 74. Kg5 Ne5 75. Kf4 Kf6 76. Ke3 Nc6 77. Kf4 Bf5 78. Ke3 Ke5
79. Kf3 Nb4 80. Ke3 Nd5+ 81. Kf3 Kd4 82. Kf2 Ke4 83. Ke2 Nc3+ 84. Kd2 Kd4 85.
Kc1 Bd3 86. Kb2 Ne2 87. Kb3 Kc5 88. Ka4 Nd4 89. Ka3 Kc4 90. Kb2 Nb3 91. Ka2 Kc3
92. Ka3 Bb1 93. Ka4 Nd4 94. Ka5 Kc4 95. Kb6 Nb5 96. Kc6 Bf5 97. Kb6 Be4 0-1

[Event "XXV Festival Conca della Presolana A"]
[Site "Bratto - Castione della Presolana ITA"]
[Date "2005.08.23"]
[Round "4"]
[White "De Santis, Alessio"]
[Black "Mazzilli, Piero"]
[Result "1/2-1/2"]
[WhiteElo "2251"]
[BlackElo "2341"]
[PlyCount "65"]
[EventDate "2005.08.20"]

1. d4 d5 2. c4 e6 3. Nc3 c6 4. e3 f5 5. Bd3 Nf6 6. Qc2 Bd6 7. cxd5 cxd5 8. Nb5
Nc6 9. Nxd6+ Qxd6 10. Bd2 O-O 11. Rc1 Bd7 12. Qc5 Qb8 13. Ne2 Qe8 14. O-O Ne4
15. Qc2 Rc8 16. Qd1 Rf6 17. Be1 Rh6 18. f3 Qh5 19. h3 Nf6 20. b4 a6 21. a4 Qe8
22. b5 axb5 23. axb5 Na7 24. Rxc8 Nxc8 25. Qb3 Nd6 26. Bg3 Nf7 27. Rc1 Qe7 28.
Rc7 Nd8 29. Bf4 Ne8 30. Rxd7 Qxd7 31. Bxh6 gxh6 32. Kf2 b6 33. Qa3 1/2-1/2

[Event "XXV Festival Conca della Presolana A"]
[Site "Bratto - Castione della Presolana ITA"]
[Date "2005.08.23"]
[Round "4"]
[White "Defend, Guerrino"]
[Black "Lovati, Paolo"]
[Result "1-0"]
[WhiteElo "2000"]
[BlackElo "2081"]
[PlyCount "77"]
[EventDate "2005.08.20"]

1. d4 d6 2. Nf3 Bg4 3. Bf4 Nd7 4. Nbd2 e5 5. dxe5 d5 6. h3 Bf5 7. e3 Ne7 8. c3
h6 9. Nd4 Nc5 10. Nxf5 Nxf5 11. Qc2 g6 12. Nf3 Bg7 13. Bd3 Ne7 14. O-O O-O 15.
Rfe1 Re8 16. e4 Ne6 17. Bg3 d4 18. Rad1 c6 19. Bc4 d3 20. Rxd3 Qc8 21. Rd6 Nc5
22. b4 b5 23. Bxf7+ Kxf7 24. bxc5 Bf8 25. e6+ Kg8 26. Qd2 Bg7 27. Rd7 Kh7 28.
Rd1 Ng8 29. Qd6 Nf6 30. Be5 Rf8 31. Bxf6 Rxf6 32. Qe7 Qf8 33. Qxf8 Raxf8 34.
R1d6 Rg8 35. Nd4 Rf4 36. f3 h5 37. Nxc6 Kh6 38. Rd8 Rff8 39. e7 1-0